000 00584cab a2200241 4500
001 X2705
008 090401t1990 xxu||||| |||| 00| 0 eng d
035 _a(Sirsi) u25879
041 _aeng
100 _aCorben, R.
245 _aThailand : Phuket - facing the challenge of development
260 _c1990
350 _a0
490 _aAsian Property
_vMarch 1990, 16-20(5)
650 _aASIA
650 _aHOTELS
650 _aPROPERTY
650 _aRESORT DEVELOPMENT
650 _aTOURISM
690 _aOVERSEAS-REST OF THE WORLD
942 _n0
948 _c04/03/1997
999 _c17388
_d17388